000 01241nam a2200313 i 4500
003 EG-GICUC
005 20260209102121.0
008 260209s1973 ly ||||fr|||| 00| 0 ara d
017 _a4846 لسنة 1972
040 _a EG-GICUC
_bara
_c EG-GICUC
_d EG-GICUC
_erda
041 _aara
082 0 4 _a343.4210602
_bإ د . ج
_221
092 0 4 _221
099 _aLaw1 10 343.4210602 إ د . ج 1 ed - 1973 1006430
100 0 _aإدوارد غالي الدهبي
_eمؤلف.
245 1 0 _aجرائم المخدرات في التشريع الليبي /
_cتأليف الدكتور إدوارد غالي الدهبي .
250 _aالطبعة الأولى،
264 1 _aبنغازي - ليبيا:
_bالمكتبة الوطنية،
_c1973 .
300 _a287 ؛ صفحة
_c24 سم
_bإيضاحيات، صور، مثيليات ؛
336 _2rda content
_atext
337 _2rda media
_aComputer
338 _2rda carrier
_aOnline Resource
504 _aيشتمل على إرجاعات ببليوجرافية
650 1 _aالتشريعات المتعلقة بالمخدرات
_zليبيا
_2qrmak
651 1 _2qrmak
856 4 0 _uhttps://fll.law.cu.edu.eg/fulltext/bks/B10-06430.pdf
905 _a18
942 _2ddc
_cBK
_e21
_n0
999 _c61742
_d61742